Environmental management : readings and case studies

Αποθηκεύτηκε σε:
Λεπτομέρειες βιβλιογραφικής εγγραφής
Άλλοι συγγραφείς: Owen, Lewis A. 1964- (Επιμελητής έκδοσης), Unwin, P. T. H. (Επιμελητής έκδοσης)
Μορφή: Βιβλίο
Γλώσσα:English
Δημοσίευση: Oxford : Blackwell, c1997
Σειρά:Blackwell readers on the natural environment
Θέματα:
Ετικέτες: Προσθήκη ετικέτας
Δεν υπάρχουν, Καταχωρήστε ετικέτα πρώτοι!

MARC

LEADER 00000nam a2200000 i 4500
001 1/69398
008 981102s1997 eng d
020 |a 0-631-20117-3 
035 |l 10030369 
040 |a GR-MY-UA  |b gre  |e aacr 
041 0 |a eng 
082 0 |a 363.705 
245 1 0 |a Environmental management :  |b readings and case studies /  |c Edited by Lewis A. Owen and Tim Unwin 
260 |a Oxford :   |b Blackwell,   |c c1997 
300 |a 492 p. 
490 1 |a Blackwell readers on the natural environment 
504 |a Includes index 
650 0 0 |a Environmental management. 
700 1 |a Owen, Lewis A.  |d 1964-  |4 edt 
700 1 |a Unwin, P. T. H.  |4 edt 
830 0 |a Blackwell readers on the natural environment 
852 |a INST  |b LESVOS  |e 19981102  |h 363.705 ENV  |p 005100012787  |q 005100012787  |t BK  |y 0 
901 |a BIBL-1998-3 
909 |a Λ  |b 060014 
922 |a 1ΕΛΗ  |b 199810  |c ΚΠΣ/ΤΠ  |d ΠΑΠΑΣΩΤΗΡΙΟΥ 
950 |a 118-1998-07-21